[Event "SVK-chT2D 0607"]
[Site "Slovakia"]
[Date "2006.12.17"]
[Round "6.4"]
[White "Timko, Gabriel"]
[Black "Hires, Gabriel"]
[Result "1-0"]
[WhiteElo "1506"]
[BlackElo "1621"]
[PlyCount "99"]
[EventDate "2006.10.14"]
[EventType "team-tourn"]
[EventRounds "11"]
[EventCountry "SVK"]
[SourceTitle "EXT 2008"]
[Source "ChessBase"]
[SourceDate "2007.11.25"]
[SourceVersion "1"]
[SourceVersionDate "2007.11.25"]
[SourceQuality "1"]
[WhiteTeam "Michalovce Zemplin III"]
[BlackTeam "Velke Kapusany Energetik"]
[WhiteTeamCountry "SVK"]
[BlackTeamCountry "SVK"]

1. e4 c5 2. Nf3 d6 3. d4 cxd4 4. Nxd4 Nf6 5. Nc3 g6 6. Be2 Bg7 7. Be3 Nc6 8. Qd2 d5 9. Bb5 0-0 10. Bxc6 bxc6 11. Nxc6 Qd7 12. exd5 Bb7 13. Ne5 Qd6 14. f4 Nxd5 15. Nxd5 Qxd5 16. Qxd5 Bxd5 17. 0-0 Be4 18. c4 a6 19. Rad1 Rfd8 20. Bb6 Rxd1 21. Rxd1 Bxe5 22. fxe5 Rc8 23. Rd4 Bc6 24. g3 Kg7 25. Bd8 Kf8 26. Kf2 Ke8 27. Bb6 Rb8 28. c5 Kf8 29. Ke3 g5 30. Kd3 Rb7 31. Rd8+ Kg7 32. Kc3 Rd7 33. Kb4 f5 34. exf6+ exf6 35. Rxd7+ Bxd7 36. Ka5 Bc8 37. a4 f5 38. Bc7 Kf7 39. b4 Ke6 40. Kb6 Kd5 41. b5 h5 42. Bd6 axb5 43. axb5 Bd7 44. Be7 f4 45. gxf4 gxf4 46. c6 Be8 47. c7 Bd7 48. Kb7 f3 49. Bh4 Kd6 50. Bf2 1-0